00334 a2200109 450000500170000002000180001708200160003510000180005124500790006926000440014830000320019220250314105547.0 a0-85345-317-9 a338.091 THO aTHOMAS, C. Y. aDependence and Transformation: The Economic of the Transition to Socialism aNew York,bMonthly Review Press,c1974. a327p.bBibliography.c20cm.